तकिट तरिकिट्ट फुदकरी बॉलः (Record no. 62838)
[ view plain ]
| 000 -LEADER | |
|---|---|
| fixed length control field | 01146nam a22001937a 4500 |
| 005 - DATE AND TIME OF LATEST TRANSACTION | |
| control field | 2012021505585.0 |
| 020 ## - INTERNATIONAL STANDARD BOOK NUMBER | |
| International Standard Book Number | 8181462629 |
| Terms of availability | 65.00 |
| 082 ## - DEWEY DECIMAL CLASSIFICATION NUMBER | |
| Classification number | क |
| 100 ## - MAIN ENTRY--PERSONAL NAME | |
| Personal name | मुत्तडा, जेकब सैमसन |
| 245 ## - TITLE STATEMENT | |
| Title | तकिट तरिकिट्ट फुदकरी बॉलः |
| Statement of responsibility, etc | जेकब सैमसन मुत्तडा;अशोक राजगोपालन द्वारा चित्रांकित;सुषमा द्वारा अनुदित |
| Remainder of title | मूल कथा मलयालम में / |
| 260 ## - PUBLICATION, DISTRIBUTION, ETC. (IMPRINT) | |
| Place of publication, distribution, etc | चैन्नई |
| Name of publisher, distributor, etc | तूलिका पब्लिशिंग |
| Date of publication, distribution, etc | 2008 |
| 270 ## - ADDRESS | |
| Address | 13, पृथ्वी ऐवन्यु,अभिरमपुरम |
| City | चैन्नई |
| Postal code | 600018 |
| 300 ## - PHYSICAL DESCRIPTION | |
| Extent | अ.पृ |
| Other physical details | सचित्र |
| Dimensions | 18सेमी (अजिल्द) |
| 700 ## - ADDED ENTRY--PERSONAL NAME | |
| Personal name | राजगोपालन, अशोक |
| 9 (RLIN) | 42026 |
| 700 ## - ADDED ENTRY--PERSONAL NAME | |
| 9 (RLIN) | 42032 |
| Personal name | सुषमा |
| 700 ## - ADDED ENTRY--PERSONAL NAME | |
| 9 (RLIN) | 42037 |
| 942 ## - ADDED ENTRY ELEMENTS (KOHA) | |
| Source of classification or shelving scheme | Dewey Decimal Classification |
| Item type | Children Books |
| Classification part | क |
| Call number suffix | मुत्तडा |
| Withdrawn status | Lost status | Not for loan | Home library | Current library | Date acquired | Cost, normal purchase price | Full call number | Cost, replacement price | Koha item type |
|---|---|---|---|---|---|---|---|---|---|
| Ordered | Andrews Gunj | Andrews Gunj | 15/02/2012 | 65.00 | क मुत्तडा | 65.00 | Children Books |
